LEADER 00911cam0-2200313---450- 001 990004883880403321 005 20090518115144.0 035 $a000488388 035 $aFED01000488388 035 $a(Aleph)000488388FED01 035 $a000488388 100 $a19990604d1944----km-y0itay50------ba 101 0 $afre 102 $aFR 105 $ay-------001yy 200 1 $aInitiation a l'étude historique de l'anglais$fpar Joseph Delcourt 210 $aParis$cAubier$cMontaigne$d1944 215 $a223 p.$d19 cm 225 1 $aBibliothèque de philologie germanique$v4 610 0 $aLingua inglese$aStoria 676 $a420.9 700 1$aDelcourt,$bJoseph$0195627 801 0$aIT$bUNINA$gRICA$2UNIMARC 901 $aBK 912 $a990004883880403321 952 $a420.9 DEL 1$bFil. Mod. 29002$fFLFBC 959 $aFLFBC 996 $aInitiation a l'étude historique de l'anglais$9520025 997 $aUNINA LEADER 01968oam 2200577M 450 001 9910715806103321 005 20191123061948.8 035 $a(CKB)5470000002516028 035 $a(OCoLC)1064743267 035 $a(OCoLC)995470000002516028 035 $a(EXLCZ)995470000002516028 100 $a20070221d1862 ua 0 101 0 $aeng 135 $aurcn||||||||| 181 $ctxt$2rdacontent 182 $cc$2rdamedia 183 $acr$2rdacarrier 200 10$aMary Cunningham, widow of John Cunningham, deceased. April 28, 1862. -- Laid on the table, and ordered to be printed 210 1$a[Washington, D.C.] :$c[U.S. Government Printing Office],$d1862. 215 $a1 online resource (1 page) 225 1 $aHouse report / 37th Congress, 2nd session. House ;$vno. 95 225 1 $a[United States congressional serial set ] ;$v[serial no. 1145] 300 $aBatch processed record: Metadata reviewed, not verified. Some fields updated by batch processes. 300 $aFDLP item number not assigned. 606 $aClaims 606 $aDisabled veterans 606 $aEntertainers 606 $aMexican War, 1846-1848 606 $aMilitary pensions 606 $aPrisoners of war 606 $aPrisoners 607 $aUnited States$xHistory$yWar of 1812 608 $aLegislative materials.$2lcgft 615 0$aClaims. 615 0$aDisabled veterans. 615 0$aEntertainers. 615 0$aMexican War, 1846-1848. 615 0$aMilitary pensions. 615 0$aPrisoners of war. 615 0$aPrisoners. 701 $aHarrison$b Richard Almgill$f1824-1904$pUnionist (OH)$01411840 801 0$bWYU 801 1$bWYU 801 2$bOCLCO 801 2$bOCLCQ 801 2$bOCLCO 801 2$bOCLCQ 906 $aBOOK 912 $a9910715806103321 996 $aMary Cunningham, widow of John Cunningham, deceased. April 28, 1862. -- Laid on the table, and ordered to be printed$93548530 997 $aUNINA LEADER 01777oam 2200505I 450 001 9910711862303321 005 20190204081829.0 035 $a(CKB)5470000002487458 035 $a(OCoLC)1046653870 035 $a(EXLCZ)995470000002487458 100 $a20180730d1958 ua 0 101 0 $aeng 135 $aur||||||||||| 181 $ctxt$2rdacontent 182 $cc$2rdamedia 183 $acr$2rdacarrier 200 10$aCompilation of records of surface waters of the United States through September 1950$hPart 3-B$iCumberland and Tennessee River Basins /$fby J.V.B. Wells 210 1$a[Washington, D.C.] :$cUnited States Department of the Interior, Geological Survey,$d1958. 215 $a1 online resource (v, 353 pages, 1 page of plates) $cillustrations, map 225 1 $aGeological Survey water-supply paper ;$v1306 300 $aIncludes index. 606 $aStream measurements$zTennessee 606 $aWater-supply$zTennessee 606 $aStream measurements$2fast 606 $aWater-supply$2fast 607 $aCumberland River Watershed (Ky. and Tenn.) 607 $aTennessee River Watershed 607 $aTennessee$2fast 607 $aUnited States$zCumberland River Watershed$2fast 607 $aUnited States$zTennessee River Watershed$2fast 615 0$aStream measurements 615 0$aWater-supply 615 7$aStream measurements. 615 7$aWater-supply. 700 $aWells$b J. V. B.$01385991 712 02$aGeological Survey (U.S.), 801 0$bCOP 801 1$bCOP 801 2$bOCLCO 801 2$bOCLCF 801 2$bGPO 906 $aBOOK 912 $a9910711862303321 996 $aCompilation of records of surface waters of the United States through September 1950$93446974 997 $aUNINA